Statistiques concernant Culture Générale - Série 1293

Cliquez ici pour prendre le quiz!

Statistiques générales

  • Ce quiz a été pris 68 fois
  • Le résultat moyen est 6 sur 10

Statistiques - réponses

QuestionRéponse% Correct
Dans quel pays se dresse le château de Schönbrunn ?Autriche
82%
Dans quel pays peut-on visiter le temple d'Angkor Vat ?Cambodge
81%
Quelle émission de téléréalité est présentée par Karine Le Marchand depuis 2010 ?L'amour est dans le pré
76%
Dans quel pays se trouve le plus haut sommet d'Afrique ?Tanzanie
76%
Dans quel pays peut-on commander une soupe traditionnelle aux nids d'hirondelle ?Chine
63%
Comment Daniel Cohn-Bendit était-il surnommé dans sa jeunesse ?Dany le Rouge
58%
Qui a animé l'émission Le Fou du roi sur France Inter ?Stéphane Bern
45%
Combien de menhirs environ compte le site de Carnac ?300
42%
Combien de guerriers environ pouvait accueillir un drakkar viking ?60
37%
Quelle famille de beaufs Jérôme Deschamps et Macha Makeïeff ont-ils inventée pour la télévision ?Les Deschiens
24%

Distribution des résultats

Percentile par nombre de réponses

% des personnes avec chaque résultat

Votre développement - résultats

Vous n’avez pas pris ce quiz